drag queen songs - Statistics

General Stats
  • This quiz has been taken 2 times
  • The average score is 7 of 15
Answer Stats
Song Drag Queen % Correct
Your makeup is terrible Alaska
100%
Jungle Kitty BeBe Zahara Benet
100%
purse first Bob the drag queen
100%
Why you mad tho? Morgan McMichaels
100%
DTF Adore Delano
50%
America's sweetheart Blair St Clair
50%
Body Parts Courtney Act
50%
Cartoons and Vodka Jinkx Monsoon
50%
Werqin' Girl Shangela
50%
Moving Parts Trixie Mattel
50%
#SueList Detox
0%
legs Laganja Estranja
0%
Civil War Peppermint
0%
Diamond Crowned Queen Raja
0%
I wish I were Amanda Lepore Sharon Needles
0%
No matching quizzes found
Score Distribution
Percent of People with Each Score
Percentile by Number Answered
Your Score History
You have not taken this quiz